Bài toán 1-Median trên mạng lưới đồ thị và bài toán ngược : Luận văn tốt nghiệp Cao học. Chuyên ngành Toán giải tích

Trình bày các khái niệm cơ bản và thuật toán có liên quan của lý thuyết vị trí trên đồ thị và bài toán xếp ba lô, bài toán 1-median trên đồ thị xương rồng,...

Zapisane w:
Opis bibliograficzny
1. autor: Phạm, Văn Chiến
Format: Książka
Język:Undetermined
Wydane: Cần Thơ Trường Đại học Cần Thơ 2017
Hasła przedmiotowe:
Etykiety: Dodaj etykietę
Nie ma etykietki, Dołącz pierwszą etykiete!
Thư viện lưu trữ: Trung tâm Học liệu Trường Đại học Cần Thơ
LEADER 01020nam a2200205Ia 4500
001 CTU_224857
008 210402s9999 xx 000 0 und d
082 |a 515 
082 |b Ch305 
100 |a Phạm, Văn Chiến 
245 0 |a Bài toán 1-Median trên mạng lưới đồ thị và bài toán ngược : 
245 0 |b Luận văn tốt nghiệp Cao học. Chuyên ngành Toán giải tích 
245 0 |c Phạm Văn Chiến ; Nguyễn Trung Kiên (Cán bộ hướng dẫn) 
260 |a Cần Thơ 
260 |b Trường Đại học Cần Thơ 
260 |c 2017 
520 |a Trình bày các khái niệm cơ bản và thuật toán có liên quan của lý thuyết vị trí trên đồ thị và bài toán xếp ba lô, bài toán 1-median trên đồ thị xương rồng,... 
650 |a Toán giải tích,Mathematical analysis 
910 |b nthai 
980 |a Trung tâm Học liệu Trường Đại học Cần Thơ